| 000 | 00592nam a22001937a 4500 | ||
|---|---|---|---|
| 005 | 20140311163217.0 | ||
| 008 | 140307t xxu||||| |||| 00| 0 eng d | ||
| 020 | _a9789814096621 | ||
| 050 |
_aHF 5549.R44 _b.B497 1999 |
||
| 100 |
_aBillsberry, Jon _931262 |
||
| 245 |
_aFinding and keeping the right people : _bhow to recruit motivated employees / _cJon Billsberry. |
||
| 260 |
_aLondon : _bPrentice-Hall, _cc1999. |
||
| 300 |
_a233 p ; _c21 cm. |
||
| 500 | _aIncludes Index. | ||
| 650 |
_aPersonnel management _9685 |
||
| 650 |
_aEmployees _931263 |
||
| 942 |
_2lcc _cBK |
||
| 999 |
_c42894 _d42894 |
||